| 000 | 00795nam a2200253Ia 4500 | ||
|---|---|---|---|
| 003 | OSt | ||
| 005 | 20220926033955.0 | ||
| 006 | a|||||r|||| 00| 0 | ||
| 007 | ta | ||
| 008 | 220923b |||||||| |||| 00| 0 eng d | ||
| 037 | _cGeneral Book | ||
| 040 |
_aRTL _cRTL _beng |
||
| 041 |
_2eng _aeng |
||
| 082 | _aV46:1944.4653.N7, L4 | ||
| 100 |
_aTahtinen Dale R _9339876 |
||
| 245 | 0 | _aArab-Israeli military balance since October 1973 | |
| 260 |
_aWashington _bA E I P P R _c1974 |
||
| 300 |
_a43p _ccm. |
||
| 490 | _aAmerican Enterprise Institute for Public Policy Research, Foreign Affairs Studies | ||
| 500 | _aAppendix: P 39-43 | ||
| 650 | _aFreedom Struggle History | ||
| 942 |
_hV46:1944.4653.N7, L4 _cGB _2CC |
||
| 999 |
_c658485 _d658485 |
||